Μετανάστες και ψυχική υγεία : μελέτη των δομών ψυχικής υγείας στη σύγχρονη Ελλάδα
Αποθηκεύτηκε σε:
| Κύριος συγγραφέας: | |
|---|---|
| Συγγραφή απο Οργανισμό/Αρχή: | |
| Άλλοι συγγραφείς: | |
| Μορφή: | Thesis Βιβλίο |
| Γλώσσα: | English |
| Δημοσίευση: |
2011
|
| Θέματα: | |
| Διαθέσιμο Online: | http://hdl.handle.net/11610/11957 |
| Ετικέτες: |
Προσθήκη ετικέτας
Δεν υπάρχουν, Καταχωρήστε ετικέτα πρώτοι!
|
MARC
| LEADER | 00000cam a2200000 i 4500 | ||
|---|---|---|---|
| 001 | 1/15519 | ||
| 008 | 111010s2011 eng d | ||
| 035 | |l 10111015 | ||
| 040 | |a GR-MY-UA |b gre |e aacr | ||
| 041 | 0 | |a eng | |
| 082 | 0 | |a 362.2 |2 (22) | |
| 100 | 1 | |a Παφίλη, Ευαγγελία. | |
| 245 | 1 | 0 | |a Μετανάστες και ψυχική υγεία : |b μελέτη των δομών ψυχικής υγείας στη σύγχρονη Ελλάδα / |c Παφίλη Ευαγγελία ; επιβλέπων καθηγητής: Ψημίτης Μιχάλης |
| 260 | |c 2011 | ||
| 300 | |a 118 σ.; |c 30 εκ. | ||
| 500 | |a Βιβλιογραφία: σ. 107-118 | ||
| 502 | |a Διατριβή (μεταπτυχιακή) – Πανεπιστήμιο Αιγαίου, Λέσβος, 2011. | ||
| 650 | 0 | 0 | |a Immigrants |x Psychology. |
| 650 | 0 | 0 | |a Emigration and immigration |x Psychological aspects. |
| 650 | 0 | 0 | |a Mental health |z Greece. |
| 650 | 0 | 0 | |a Mental health services |z Greece. |
| 650 | 0 | 0 | |a Immigrants |x Social conditions |z Greece. |
| 650 | 0 | 0 | |a Dissertations, Academic |z Greece. |
| 700 | 1 | |a Ψημίτης, Μιχάλης. |4 ths | |
| 710 | 2 | |a Πανεπιστήμιο Αιγαίου |b Σχολή Κοινωνικών Επιστημών |b Τμήμα Κοινωνιολογίας |b Μεταπτυχιακό Πρόγραμμα Σπουδών Έρευνα για την Τοπική Κοινωνική Ανάπτυξη και Συνοχή. | |
| 852 | |a INST |b LESVOS |c DIATR |e 20111010 |h 147 |p 005100051431 |q 005100051431 |t MTXE |y 23 | ||
| 852 | |a INST |b LESVOS |c DIATR |e 20111010 |h 148 |p 005100051430 |q 005100051430 |t MTXE |y 23 | ||
| 856 | |u http://hdl.handle.net/11610/11957 | ||
| 901 | |a BIBL1-2011-3 | ||
| 909 | |a Λ |b 172729 | ||
| 909 | |a Λ |b 172730 | ||
| 924 | |a ΠΑΦΙΛΗ |b ΕΥΑΓΓΕΛΙΑ |y ΛΕΣΒΟΣ |z 2011-04 | ||
| 970 | |a ΤΖΑΦΕΡΗ |b ΕΥΑΓΓΕΛΙΑ |z 2011/10/10 | ||